[Event "CB-Emu swiss"]
[Site "?"]
[Date "2017.04.17"]
[Round "3"]
[White "Chess Champion Pocket Chess, Novag"]
[Black "Mychess II, C64."]
[Result "1/2-1/2"]
[WhiteElo "1100"]
[BlackElo "1700"]
[Annotator "Komodo 10.3 32-bit (60s)"]
[PlyCount "80"]
[EventDate "2017.??.??"]
[EventType "swiss"]

{D00: Damenbauernspiele} 1. Nc3 g6 2. d4 Bg7 3. Bf4 d5 4. Nf3 Nf6 5. Qd3 (5. h4
c6 6. e3 Bg4 7. Qd2 Nbd7 8. Bd3 Nh5 9. Bh2 Bxf3 10. gxf3 e5 11. dxe5 Nxe5 12.
Be2 Qxh4 13. O-O-O Nc4 14. Qe1 Nxb2 15. Be5 Qb4 16. Rxh5 Nxd1 17. Bxg7 O-O-O
18. Rh1 Rhg8 19. Bd4 Nxc3 {Okhotnik,V (2450)-Mollov,E (2365) Lyngby 1990 1-0 
(38)}) 5... O-O 6. O-O-O Bf5 $146 (6... c6 7. Ne5 Nfd7 8. Qg3 Nxe5 9. Bxe5 Nd7
10. Bxg7 Kxg7 11. h4 h5 12. e4 dxe4 13. Nxe4 Qa5 14. Kb1 Nf6 15. Nxf6 exf6 16.
Bc4 b5 17. Be2 Be6 18. b3 b4 19. Bf3 Bd5 20. Rhe1 Bxf3 21. Qxf3 {Klein,R (1774)
-Bischof,R (1867) Bad Wiessee 2012 0-1 (61)}) (6... c6 7. Ne5 $11) 7. Qb5 $11
b6 8. e3 c6 9. Qb4 (9. Qe2 b5 $15) 9... Nbd7 (9... a5 10. Qb3 $17) 10. Bd3 {
Besser vielleicht La6} (10. Ba6 Nb8 11. Bd3 a5 $11) 10... Bxd3 11. Rxd3 $2 (11.
cxd3 $142 $5 {ist vielleicht stärker} b5 12. Qb3 $15) 11... Ne4 (11... a5 12.
Qb3 Ne4 13. Rf1 $19) 12. Nd1 c5 13. Qa4 cxd4 (13... a6 $5 14. Ra3 $19) 14. exd4
$17 Ndf6 (14... e5 $5 15. Nxe5 Nxe5 16. Bxe5 Bxe5 17. dxe5 Nc5 $17) 15. h4 (15.
Kb1 Nh5 16. Be3 Qc7 $15) 15... Nh5 (15... Ng4 16. Rf1 $15) 16. Bg5 (16. Bh2
Bh6+ 17. Kb1 Bf4 $15) 16... Nxg5 17. hxg5 Nf4 18. Re3 (18. Rd2 $142 Nxg2 19.
Qb3 $17) 18... e6 $4 {Gibt dem Weissen freiwillig Ausgleich? Geht's noch?
Sxg2! und Schwarz steht überlegen.} (18... Nxg2 $142 19. Rc3 Nf4 $17) 19. g3
$14 Ng2 $4 {Und noch ein Fehler hinterher. Was hatte Mychess heute im Kaffee???
} (19... Nh5 $142 $14 {hätte die Partie gerettet}) 20. Rd3 $18 Qc7 (20... f6
21. gxf6 Rxf6 22. Rg1 $18) 21. Rh2 e5 {und gleich noch ein Fehler obendrauf...
Der Pocket muss sich vorkommen als wäre Weihnachten...} (21... Nf4 22. gxf4
Qxf4+ 23. Kb1 h5 $18) 22. dxe5 b5 (22... Bxe5 {holt die Kuh nicht vom Eis} 23.
Rxg2 Qc4 24. Qa3 $18) 23. Qxb5 Rab8 24. Qxd5 Rfd8 25. Qe4 (25. Rc3 {und Weiß
hätte es noch leichter} Rxd5 26. Rxc7 Rbd8 $18) 25... Rxd3 26. Qxd3 Qa5 (26...
Bxe5 {ändert nichts mehr} 27. Nxe5 Qxe5 28. Rxg2 Qxg5+ 29. f4 $18) 27. Rxg2
Qxa2 28. c3 a6 (28... a5 {ändert nichts am Ausgang der Partie} 29. Qd6 Re8 30.
Rh2 $18) 29. b4 (29. Rh2 $142 {machte sofort alles klar} Qa1+ 30. Kd2 Qa2 $18)
29... a5 30. bxa5 {Und das Osterhasi gibt dem Nikolausi die ganzen Geschenke
wieder...} (30. b5 $142 $5 {damit würde Weiß es sich noch erleichtern} Bf8 31.
Ne3 Qa1+ 32. Kc2 Qa4+ 33. Kd2 Rxb5 $18) 30... Qxa5 $4 {Und Nikolausi will sie
nicht.... und es geht weiter bergab. .} (30... Bf8 $142 31. Qc2 Qd5 $16) 31.
Qe4 Qa1+ (31... Qa2 {holt die Kuh nicht vom Eis} 32. Rh2 $18) 32. Kd2 Rd8+ 33.
Nd4 Qa5 34. f4 {Und wieder macht das Osterhasi Geschenke. Mensch Leute, nehmt
euch mal zusammen. Wenn ich die Partie poste, das glaubt mir ja keiner...} (34.
Ke3 $142 {und nichts geht mehr} Bxe5 35. Nc6 Qb6+ 36. Ke2 Qa6+ 37. Ke1 $18)
34... Rxd4+ 35. Qxd4 Qa2+ 36. Ke3 $4 {wirft den Vorteil weg} (36. Ke1 $142 {
und aller Vorteil läge nun bei Weiß} Qxg2 37. Qd3 $18) 36... Qxg2 $14 37. Qd8+
(37. Kd3 Qxg3+ 38. Qe3 Qg2 $14) 37... Bf8 38. c4 (38. Qd2 Qxg3+ 39. Ke4 h5 $14)
38... Qxg3+ $11 39. Ke4 Qg2+ 40. Ke3 Qg3+ 1/2-1/2

[Event "CB-Emu swiss"]
[Site "?"]
[Date "2017.04.18"]
[Round "3"]
[White "Chess Challenger 10B, Fidelity"]
[Black "Hyprachess, C64."]
[Result "0-1"]
[WhiteElo "1275"]
[BlackElo "1500"]
[Annotator "Komodo 10.3 32-bit (60s)"]
[PlyCount "82"]
[EventDate "2017.??.??"]
[EventType "swiss"]

{B06: Moderne Verteidigung} 1. e4 g6 2. d4 {erster berechneter Zug Weiss !!!}
e6 {erster berechnet Zug Schwarz !!!} 3. Nc3 Bg7 4. Nf3 Ne7 5. Bf4 d5 {Schwarz
hat eine gedrückte Stellung} (5... d6 6. Qd2 h6 7. h3 a6 8. a4 b6 9. Bc4 Nd7
10. O-O Bb7 11. Rfe1 Nf6 12. Rad1 g5 13. Bg3 Nh5 14. Bh2 Ng6 15. Qe3 g4 16.
hxg4 Nf6 17. Bg3 Nxg4 18. Qe2 h5 19. Nh2 Nxh2 20. Bxh2 {Poulsen,I (2100)-Fries
Nielsen,J (2386) Odense 2011 0-1}) 6. Bb5+ $146 (6. Nb5 Na6 7. Nc3 O-O 8. Bxa6
bxa6 9. e5 Bb7 10. O-O Qd7 11. Qd3 f6 12. Qe3 Nf5 13. Qd3 h5 14. Rfe1 g5 15.
Bd2 g4 16. exf6 Bxf6 17. Ne5 Bxe5 18. Rxe5 Rae8 19. Ne2 Bc6 20. b3 Bb7 {
Arnav,D-Navya Vyshnavi,M (1752) Nagpur 2008 0-1 (45)}) (6. h4 h5 $14) 6... c6 (
6... Bd7 7. Be2 $11) 7. Bd3 $14 dxe4 (7... O-O 8. O-O $14) 8. Nxe4 O-O 9. c3 (
9. O-O Nd7 $14) 9... f5 $14 10. Nd6 Nd5 11. Be5 (11. Qd2 Nxf4 12. Qxf4 Qc7 $14)
11... Bxe5 12. dxe5 Nd7 13. O-O Nxe5 14. Nxe5 {Eine wichtige Figur} Qxd6 15.
Re1 f4 (15... b6 $5 $11) 16. Qa4 (16. Qg4 Qe7 $16) 16... Bd7 17. c4 (17. Rad1
Qc7 $14) 17... Nb6 (17... Ne3 $1 18. Qa5 b5 19. Nxd7 Qxd7 $11) 18. Qc2 (18. Qa5
$142 Qe7 19. Rad1 $16) 18... c5 $2 (18... Qe7 $142 $14 {und Schwarz spielt mit}
) 19. Rad1 Qe7 20. Bxg6 $1 hxg6 (20... Rad8 $142 21. Be4 Bc8 22. Rxd8 Rxd8 $18)
21. Nxg6 $4 {Schade, da rechnet er nicht tief genug. Dxg6+ ist weit besser.} (
21. Nxd7 $142 {und Weiß ist direkt am Ziel} Rf5 22. Ne5 $18) 21... Qh7 $15 22.
Qe4 $2 {Statt besser zu stehen, steht er jetzt auf einmal schlechter.} (22. Rd3
$142 $5 {ist zu überlegen} e5 23. Nxf8 Rxf8 24. Qc3 $15) 22... Rf6 $17 23. Nxf4
$2 (23. Ne5 $142 $5 Qxe4 24. Rxe4 $17) 23... Qxe4 $19 24. Rxe4 Bc6 25. Nh5 Rg6
26. Rg4 Rxg4 27. Nf6+ Kh8 (27... Kg7 28. Nxg4 Nxc4 29. b3 $19) 28. Nxg4 Nxc4
29. b3 Na5 (29... Na3 30. Rd6 $19) 30. Rc1 (30. Rd6 c4 31. bxc4 Nxc4 32. Rxe6
Re8 33. Rxe8+ Bxe8 $19) 30... Rg8 31. Rxc5 $2 (31. Ne3 b6 32. Rd1 $19) 31...
Rxg4 32. Rh5+ (32. Rxa5 {nützt auch nichts mehr} Rxg2+ 33. Kf1 a6 34. Rh5+ Kg7
$19) 32... Kg7 33. Rxa5 Rxg2+ (33... Bxg2 {erleichterte Schwarz die
Gewinnführung} 34. h3 Bxh3+ 35. Kh2 $19) 34. Kf1 a6 35. h4 (35. Rh5 {macht
keinen großen Unterschied} Kf6 $19) 35... Rh2 36. Rh5 Bf3 37. Rg5+ Kf6 38. a4 (
38. Ke1 $19 {ist ein letzter Versuch}) 38... Rxh4 39. Rg3 Rh1+ 40. Rg1 Rxg1+
41. Kxg1 a5 {OK, die Bauern abzuräumen und einen der Freibauern dann
durchzubringen darf man auch Hyprachess zutrauen, der in der Endspielstellung
bis Denktiefe 8 vordringt. Da hält der 10B bei weitem nicht mit.} 0-1

[Event "CB-Emu swiss"]
[Site "?"]
[Date "2017.04.18"]
[Round "3"]
[White "Grandmaster, C64."]
[Black "Chess Challenger Voice Advanc, Fidelity"]
[Result "1-0"]
[WhiteElo "1500"]
[BlackElo "1265"]
[Annotator "Komodo 10.3 32-bit (60s)"]
[PlyCount "43"]
[EventDate "2017.??.??"]
[EventType "swiss"]

{C80: Spanische Partie (Offene Verteidigung)} 1. e4 e5 2. Nf3 Nc6 3. Bb5 a6 4.
Ba4 Nf6 5. O-O Nxe4 6. d4 b5 7. Bb3 d5 8. Nxe5 Nxe5 9. dxe5 Be6 10. Be3 f6 $146
{Befestigt g5} (10... Be7 11. c3 O-O 12. Nd2 Nc5 (12... Nxd2 13. Qxd2 Qd7 14.
Rfd1 Rad8 15. a4 f6 16. exf6 Rxf6 17. Qe2 c6 18. axb5 axb5 19. Ra7 Qd6 20. Re1
Bf7 21. Bc2 Bf8 22. Qd2 Re8 23. b4 Qe5 24. Rea1 Bd6 25. g3 Qh5 26. Ra8 Rfe6 27.
R1a7 {Judd,M-Taubenhaus,J New York 1889 1-0 (48)}) 13. Bc2 Nd7 14. f4 f5 15.
Nf3 c5 16. a4 h6 17. Qe2 Qc7 18. Bd3 c4 19. Bc2 Bc5 20. Qf2 Bxe3 21. Qxe3 Qc5
22. Qxc5 Nxc5 23. Nd4 bxa4 24. Bxa4 Kf7 25. Bc2 {Binder,N-Boschmann,W (1550)
Ditzingen 2014 1-0 (74)}) (10... Bc5 11. Bxc5 Nxc5 12. Nd2 (12. Nc3 c6 13. f4
g6 14. Qf3 O-O 15. Rad1 f6 16. Qe3 Qe7 17. exf6 Rxf6 18. Bxd5 Ra7 19. Bxc6 Bc4
20. Bd5+ Bxd5 21. Qxe7 Rxe7 22. Nxd5 {1-0 (22) Tarrasch,S-Schottlaender,A
Breslau 1879}) 12... O-O 13. f4 Qd7 14. Qe1 Bf5 15. Qf2 d4 16. Rad1 a5 17. Nf3
Nxb3 18. axb3 c5 19. c3 Be6 20. cxd4 Bxb3 21. Rd2 c4 22. d5 b4 23. Rc1 Rfc8 24.
Qe3 a4 25. e6 {Antemia,P (2080)-Markl,M (2077) Bayern 2010 0-1 (57)}) (10...
Bc5 $5 {ist erwägenswert} 11. Bxc5 Nxc5 $11) 11. a4 fxe5 12. axb5 (12. Qh5+ Kd7
13. Qxe5 Bd6 14. Qxg7+ Qe7 15. Qxe7+ Bxe7 $16) 12... axb5 $14 13. Rxa8 Qxa8 14.
Qh5+ Kd8 $2 (14... Kd7 $142 $5 {sieht noch spielbar aus} 15. Qxe5 Rg8 $14) 15.
Qxe5 $16 Qc6 (15... Kd7 $5 16. Nc3 Nxc3 17. Qxc3 Qc6 $16) 16. Rd1 $18 Nf6 (
16... Bd6 17. Qxg7 Rg8 18. Qd4 $18) 17. Nc3 Rg8 $4 {Schwarz hätte sowieso bald
aufgeben können} (17... Qd6 $142 18. Qd4 c6 $18) 18. Nxd5 Bxd5 (18... Bd7 {
wäre gleichermaßen fruchtlos} 19. Qd4 Bc5 20. Qxc5 Qxc5 21. Bxc5 $18) 19. Bxd5
Nxd5 20. Rxd5+ Bd6 21. Bg5+ (21. Qe6 $142 {entschiede die Partie sofort} Qxd5
22. Qxd5 $18) 21... Kd7 (21... Kc8 {verlängert das Leiden} 22. Qe6+ Kb7 23.
Qxg8 Qxc2 $18) 22. Qf5+ {Und der Grandmaster sagt ein Matt in 3 an. Kurz und
schmerzlos...} (22. Qf5+ Ke8 23. Qe6+ Kf8 24. Rf5#) 1-0

[Event "CB-Emu swiss"]
[Site "?"]
[Date "2017.04.19"]
[Round "3"]
[White "Monte Carlo, Mephisto"]
[Black "Chess Challenger 7B, Fidelity"]
[Result "1-0"]
[WhiteElo "1920"]
[BlackElo "1410"]
[Annotator "Komodo 10.3 32-bit (60s)"]
[PlyCount "49"]
[EventDate "2017.??.??"]
[EventType "swiss"]

{C46: Vierspringerspiel (Seltene Züge)} 1. e4 e5 2. Nc3 Nc6 {erster
berechneter Zug Schwarz} 3. Nf3 Bc5 4. Nxe5 {erster berechneter Zug Weiss} Nxe5
5. d4 Bxd4 6. Qxd4 Qf6 {so früh schon der erste Bock... d6 war richtig} 7. Nb5
(7. Qd1 Ne7 8. Nb5 Qc6 9. Nc3 O-O 10. Bf4 d6 11. Bb5 Qb6 12. Be3 c5 13. O-O a6
14. Be2 Qc7 15. Nd5 Nxd5 16. Qxd5 Be6 17. Qd2 b5 18. Rad1 Rad8 19. f4 Nc4 20.
Bxc4 Bxc4 21. Rfe1 g6 {Deak,A-Salamon,S (2130) Hungary 1997 1-0 (51)}) 7... Kd8
{und der nächste hinterher. Kf8 war besser. Das dauert nicht lange...} (7...
c6 8. Nd6+ Kf8 9. Be3 Ng6 10. O-O-O Qxd4 11. Rxd4 Ke7 12. Bc4 Ne5 13. Bb3 f6
14. Rhd1 g5 15. g3 Nh6 16. f4 gxf4 17. gxf4 Nf3 18. Nxc8+ Raxc8 19. Rxd7+ Ke8
20. Rxb7 Nxh2 21. Be6 Rd8 22. Rxd8+ {Roos,K (1686)-Nieberle,J (1553) Bad
Koenigshofen 2010 1-0}) 8. Qc5 Qe7 9. Bg5 $3 $146 {Ablenkung: e7} (9. Qxc7+ Ke8
10. Nd6+ Kf8 11. Nxc8 Qe6 (11... Qb4+ 12. Bd2 Qxe4+ (12... Qe7) 13. Be2 Nf6 14.
Qd8+ Ne8 15. Qe7+ {1-0 (15) Augereau,C-Pechaubes,E Creon 1998}) 12. Qxb7 Qc6
13. Qxc6 Nxc6 14. Nd6 Nd4 15. Bd3 Ke7 16. Nb5 Nc6 17. Bf4 Nf6 18. Bd6+ Kd8 19.
O-O-O Ng4 20. Rdf1 Rc8 21. f3 Ne3 22. Rf2 Re8 23. Re1 Nxg2 {Kurtulik,A (1758)
-Cseplo,V Slovakia 2005 1-0}) 9... f6 (9... Qxg5 10. Qf8# {Mattangriff
Ablenkung}) (9... -- $140 10. Bxe7+ {Mattdrohung}) 10. Qxc7+ Ke8 11. Nd6+ Kf8
12. Nxc8 (12. Be3 $5 {lässt dem Gegner kaum Chancen} Nc6 13. Nxc8 Qb4+ 14. c3
Qxb2 $18) 12... Qb4+ 13. c3 Qxb2 (13... Qxe4+ {ändert den Lauf der Dinge nicht}
14. Be3 g5 15. Nd6 $18) 14. Rd1 fxg5 {eins - zwei - drei - nu isses - vorbei} (
14... Ne7 {hilft allerdings auch nicht} 15. Qd8+ Kf7 16. Qxe7+ Kg6 $18) 15.
Qd8+ {Dc5 wäre noch schlimmer geworden. So wird Schwarz noch ein wenig gequält.
..} (15. Qd6+ Ke8 16. Qxe5+ Kd8 17. Qxg7 Qxc3+ 18. Qxc3 Rxc8 19. Qxh8 Rc6 20.
Qxg8+ Kc7 21. Qg7 Kc8 22. Rxd7 Rc1+ 23. Kd2 Rc6 24. Qe7 Kb8 25. Rxb7+ Ka8 26.
Rxa7+ Kb8 27. Qb7#) 15... Kf7 16. Nd6+ Kg6 17. Qxa8 {Nein, das ist nicht die
unsterbliche. Schwarz ist wirklich im A....} Qxc3+ 18. Rd2 b6 (18... Qa1+ {
macht keinen großen Unterschied} 19. Ke2 h6 20. h4 gxh4 21. f4 $18) 19. Be2 {
Mit De8 wäre es ein Matt in 10... Aber das ist dem Monte natürlich zu tief...}
(19. Qe8+ Kf6 20. Qf8+ Kg6 21. Qf5+ Kh6 22. h4 Qc1+ 23. Ke2 Qc4+ 24. Nxc4 g6
25. Qf8+ Kh5 26. hxg5+ Kxg5 27. Nxe5 d6 28. f4#) 19... a5 (19... h6 {ist noch
eine Idee} 20. Qxa7 Qc1+ 21. Bd1 Qc5 $18) 20. f4 (20. Qe8+ Kf6 21. Qf8+ Kg6 22.
Qf5+ Kh6 23. h4 Qc1+ 24. Bd1 Nd3+ 25. Rxd3 Qxd1+ 26. Rxd1 g6 27. hxg5+ Kg7 28.
Qf7#) 20... gxf4 {Jetzt wäre De8 sogar nur ein 6-Züger... Komm Monte... das
schaffst Du...} 21. Qe8+ Kg5 22. h4+ Kf6 23. Qf8+ Kg6 (23... Ke6 {hilft auch
nicht mehr} 24. Bg4+ $1 {Ablenkung: f7} Nxg4 25. Qf7+ Ke5 26. Qf5#) 24. Qf5+
Kh6 25. Qg5# 1-0

[Event "CB-Emu swiss"]
[Site "?"]
[Date "2017.04.20"]
[Round "3"]
[White "Cyrus II, C64."]
[Black "Colossus 4, C64."]
[Result "1/2-1/2"]
[WhiteElo "1700"]
[BlackElo "1800"]
[Annotator "Komodo 10.3 32-bit (60s)"]
[PlyCount "135"]
[EventDate "2017.??.??"]
[EventType "swiss"]

{A12: Reti-Eröffnung (New-Yorker-System)} 1. Nf3 d5 2. c4 c6 {englisch mit
Anleihen an Caro Cann... sieht man auch nicht so häufig} 3. b3 Nf6 4. Bb2 {
Ab hier war es mit dem Buchwissen zu Ende} dxc4 5. bxc4 e6 {nicht verkehrt,
aber Entwicklung mit Lf5 wäre nicht verboten...} (5... Bg4 6. Ne5 (6. e3 Nbd7
7. d4 e6 8. a3 c5 9. Be2 Be7 10. O-O O-O 11. Nc3 cxd4 12. exd4 Rc8 13. Qb3 Qb6
14. Qxb6 Nxb6 15. c5 Nbd5 16. Nxd5 Nxd5 17. h3 Bh5 18. g4 Bg6 19. Ne5 Nf4 20.
Bf3 Rc7 {Santos,A (1614)-Silva,D (1740) Mestre Ataide 2014 0-1 (64)}) 6... Nbd7
7. Nxg4 Nxg4 8. e3 Ngf6 9. Be2 e5 10. O-O Bd6 11. d3 O-O 12. Nd2 Rc8 13. a4 b6
14. Qc2 Re8 15. Rfd1 Qc7 16. g3 Red8 17. Bf3 h5 18. Ne4 Be7 19. Nxf6+ Nxf6 20.
Bc3 {Karnaukh,A (2263)-Mezheritsky,Y (2130) Kiev 2002 1/2-1/2 (41)}) 6. d3 $146
{Punkt e4} (6. e3 Bb4 7. Qb3 Ba5 8. Ba3 Nbd7 9. Nc3 c5 10. Be2 O-O 11. O-O Bc7
12. d4 b6 13. Rfd1 Qe7 14. Rd2 Rd8 15. Rad1 Bb7 16. d5 exd5 17. cxd5 Ne4 18.
Nxe4 Qxe4 19. d6 Bb8 20. Bb2 Nf6 {Andre,G (1730)-Walter,A (1780) Loire 2012 1/
2-1/2}) (6. g3 Nbd7 7. Bg2 Bd6 8. O-O O-O 9. d4 b6 10. Nc3 Bb7 11. e4 e5 12. d5
cxd5 13. cxd5 Nc5 14. Re1 Qd7 15. h3 Ba6 16. Re3 Rfc8 17. Bf1 Bxf1 18. Qxf1 a6
19. a4 Nb7 20. Nd1 Bc5 {Hammer,J-Kvisla,J Kristiansund 2001 1-0 (50)}) (6. g3
Bd6 $14) 6... Bb4+ 7. Nbd2 Na6 {Ob er da gut steht?} (7... O-O 8. e4 $14) 8. a3
Be7 9. e3 O-O $2 {Schwarz steht insgesamt etwas beengt. Aber auch Weiss tut
wenig dazu Raumvorteile zu erlangen. Beide spielen im Moment recht vorsichtig}
10. d4 (10. Be2 Nb8 $14) 10... c5 11. Bd3 b6 12. Qc2 {Etwas verfrüht. Zuerst
rochieren sieht besser aus.} cxd4 13. Ne4 {Cirrus, sonst eher positionell
angehaucht, versucht sich als Taktiker... und geht prompt baden. Es lebe der
Horizointeffekt} (13. exd4 $5 Bb7 14. O-O $14) 13... dxe3 14. Nxf6+ Bxf6 15.
Bxh7+ Kh8 16. Rd1 exf2+ {genau deswegen hätte der König vorher rochieren
sollen...} (16... Qe7 17. Bxf6 Qxf6 18. Be4 $15) 17. Qxf2 $11 Qe7 {Cirrus
Versuch zum Taktiker zu werden hat einen Bauern gebracht. Allerdings für den
Gegner...} 18. Be4 {Man könnte jetzt natürlich Tb8 spielen und sich auf dem
Mehrbauern ausruhen. Aber dann wäre man nicht Colossus....} (18. Bxf6 $142 $5
{ist interessant} Qxf6 19. Be4 $11) 18... Bxb2 $15 {ein schönes Qualiopfer} 19.
Bxa8 $2 (19. O-O $5 {ist vielleicht stärker} Rb8 20. Qxb2 $15) 19... Bc3+ {
Auch wenn die Möglichkeit dem Weissen entweder die Rochade zu verderben oder
ihn in eine Fesselung zu zwingen verlockend ist, erscheint mir das simple Lxa3
dennoch besser.} 20. Nd2 (20. Kf1 Nc5 21. Qe3 Bb2 $17) 20... Bd7 $19 21. Bf3 {
Das trauruge ist... sieht man sich die Bewertungsfunktion von Colossus an,
dann sieht er gar nicht, wie gut er eigentlich steht...} Ba4 22. Rc1 Bb2 {
Besser gefällt mir Dxa3 nebst Db2. Die Fesselung ist doch eigentlich ganz
nützlich} 23. Rb1 Bxa3 (23... Bc3 24. Rc1 Qf6 25. Bd1 Qxf2+ 26. Kxf2 Bxd2 27.
Bxa4 Bxc1 28. Rxc1 $19) 24. Bd1 Bc6 (24... Bd7 25. Qe2 Bc5 26. Bc2 $19) 25. Bf3
{Weiss will auf Teufel komm raus abtauschen um seine Mehrquali besser zur
Geltung zu bringen. Nur... dafür müsste der Turm h1 erstmal aktiv werden...}
Nb4 $4 {Vielleicht wäre hier wirklich der Tausch auf f3 nebst Tc8 die bessere
Wahl. Nun kommt Weiss doch noch zur Rochade. So sind die Stellungsvorteile
weitestgehend verspielt..} (25... Bc5 $142 {nun kommt Schwarz in Vorteil} 26.
Qg3 Nb4 27. Bxc6 Nxc6 $17) 26. O-O $15 Nd3 {Nach dem Läufertausch hätte das
dem Weissen die Rochade verdorben. Nun ist es nur noch ein sinnloser Angriff
auf die Dame. Das Spiel ist wieder völlig offen...} (26... Be8 $5 $15 {
ist zu prüfen}) 27. Qg3 $11 Bc5+ {Ein gutes Feld für den Läufer} 28. Kh1 Nb4
29. Bxc6 Nxc6 30. Qf3 Nd4 (30... Qc7 31. Ne4 Be7 32. c5 bxc5 33. Rbc1 $11) 31.
Qh5+ Kg8 32. Ne4 {und wieder folgt eine typische Colossus-Situation. In Tiefe
7 rechnet er an Sf5 und sieht dass er nach 33. Txf5 wegen matt nicht schlagen
darf (33... exf5 34. Sg5 mit matt auf h7). Also wird gerechnet ohne Ende und
dabei massig Zeit verbraucht. Den naheliegenden Zug f6 hätte er viel schneller
sehen können.} f6 {nach 14 min gespielt !!! So effektiv Martin Bryant die
Geschwindigkeit des Prozessors ausnutzt, so ineffektiv ist in manchen
Situationen die Suchfunktion} 33. Nxc5 bxc5 34. Rf4 e5 35. Rh4 Rd8 (35... Ne6
36. Rh3 $14) 36. Qh7+ Kf7 37. Qh5+ (37. Rg4 Ne6 $16) 37... Ke6 $2 $14 {
Unverständlich, warum Colossus hier nicht mit Kg8 die Zugwiederholung
anstrebt.} 38. Qg4+ $2 {Man kann die schwarzen Bauern, die durchaus noch
gefährlich werden können, natürlich auch mit Gewalt nach vorne treiben...} (38.
Ra1 Nf5 39. Rh3 Qf7 $16) 38... f5 39. Qg3 (39. Qh3 Kf7 $11) 39... Kf6 $2 {
Se2 wäre ein Schummelversuch. Was der König auf f6 verloren hat, weiss wohl
nur Colossus} (39... Qf6 40. Ra1 a5 41. Rxa5 $11) 40. Rh7 Ne6 (40... Rd7 41.
Qh4+ Ke6 42. Qh5 $11) 41. Qh4+ (41. Rh5 $142 Rg8 42. Rf1 $16) 41... Ng5 $11 42.
Rh5 Kg6 43. Ra1 {Ein Fehler, der Colossus wieder ins Spiel bringt. Th8 war
angesagt.} (43. Rh7 Qd7 44. Qh5+ Kf6 $11) 43... a5 $2 {Man könnte sich die
Haare raufen. Nach Td4 wäre Schwarz in Vorteil gekommen} (43... Rd4 $142 $5 44.
Rxg5+ Qxg5 45. Ra6+ Kf7 46. Rxa7+ Ke6 47. Ra6+ Kd7 48. Ra7+ Kc6 $17) 44. Rb1
Rd6 {Wieder war Td4 besser} (44... Rd4 $142 $5 {und Schwarz kann noch kämpfen}
45. g4 Rxg4 46. Rh6+ gxh6 47. Rb6+ Qe6 48. Rxe6+ Nxe6 $15) 45. Rh8 $16 Qd7 $4 {
a4 war ein Schummelversuch. Nun aber....} (45... Kf7 $142 $5 $16) 46. Qh5+ $18
Kf6 47. Ra8 {...hätte Weiss das Spiel mit 47. h4 fast schon entscheiden können.
..} (47. h4 $142 {erleichterte Weiß die Gewinnführung} Ne6 48. Rf1 $18) 47...
Qe6 $4 {Leider erlaubt mir dasProgramm hier nur 2 Fragezeichen... Er wirft die
Partie weg. Tf8+ gewinnt nun...} (47... Nf7 $142 $14 {war noch möglich}) 48.
Rb7 {Und Cyrus sieht es erneut nicht.} (48. Rf8+ $142 {und Schwarz kann direkt
aufgeben} Qf7 49. Rxf7+ Nxf7 50. g4 $18) 48... Qxc4 49. Rf8+ Ke6 50. Rb1 Qg4
51. Qg6+ (51. Qe8+ Kd5 52. Rc1 Qe2 53. Rxf5 Nh3 54. Rxe5+ Qxe5 55. Rxc5+ Kxc5
56. Qxe5+ Rd5 57. Qc3+ Kb6 58. gxh3 g5 $18) 51... Kd5 52. Qxg7 {Langsam
arbeitet er sich vorwärts... aber immerhin.} Ne6 (52... Kd4 53. Qb7 Qe2 $18)
53. Qxg4 {Ich mag nicht mehr. Nun wirft Cyrus den Gewinn weg. Nach dem
Damentausch bekommt Colossus wieder Luft...} (53. Qb7+ $142 {machte sofort
alles klar} Kd4 54. Qb2+ Kd5 55. Qb3+ c4 56. Rd1+ Qxd1+ 57. Qxd1+ Nd4 58. Qa4
$18) 53... fxg4 $15 {und das Spiel ist wieder nahezu ausgeglichen....} 54. Ra8
c4 {Der e-Bauer war die bessere Wahl zum Vorpreschen....} (54... e4 $5 $17) 55.
Rxa5+ Nc5 56. Kg1 (56. Rd1+ Ke6 57. Rxd6+ Kxd6 $11) 56... c3 {Auf den muss
Weiß aufpassen} (56... Kd4 57. Kf2 Nd3+ 58. Kg3 $17) 57. Kf2 (57. Rd1+ Ke6 58.
Rxd6+ Kxd6 $11) 57... Kc4 $15 58. Kg3 $2 {Autsch. Der hat sich wohl verlaufen..
.} (58. Ra2 $142 $15 {sieht noch spielbar aus}) 58... Rd2 (58... c2 $142 59.
Rc1 Rd2 $19) 59. Rg1 $2 (59. Rc1 $142 c2 60. Ra7 $19) 59... c2 60. Raa1 Nd3 (
60... e4 $142 {ist der schnellste Weg} 61. Rge1 Kc3 62. Ra3+ Kb2 $19) 61. h4 {
Was soll das denn? Warum nicht Kxg4... Himmel, so verzweifelt war ich das
letzte Mal, als meine bessere Hälfte mich in 50 Shades of Grey geschleppt hat..
.} (61. Kxg4 Nf2+ 62. Kf3 Kc3 $11) 61... gxh3 $15 62. gxh3 e4 63. h4 Kb3 {
Tf2 war besser. Schwarz muss nun auf den h-Bauern aufpassen.} 64. h5 Kb2 $2 65.
h6 {Nun wird nicht mehr als ein Remis draus....} c1=R 66. Raxc1 Nxc1 67. h7 Rd8
68. Rh1 {An dieser Stelle Remis gegeben. Die beiden Bauern verschwinden vom
Brett und das Endspiel KTS-KT ist bis auf wenige Ausnahmefälle fast immer
Remis. Das wäre schon ein sagenhafter Zufallstreffer. Und ganz ehrlich, die 50
Züge Regel auf Turnierstufe noch auszureizen fehlte mir wirklich die Lust.}
1/2-1/2